Vista normal
Vista MARC
Entrada Materia (tema)
Número de registros utilizados en: 1
001 - CONTROL NUMBER
- control field: 50536
003 - CONTROL NUMBER IDENTIFIER
- control field: Co-BoUCM
005 - DATE AND TIME OF LATEST TRANSACTION
- control field: 20131115081158.0
008 - FIXED-LENGTH DATA ELEMENTS
- fixed length control field: 131115|| aca||aabn | a|a d
040 ## - CATALOGING SOURCE
- Original cataloging agency: Co-BoUCM
- Transcribing agency: Co-BoUCM
150 ## - HEADING--TOPICAL TERM
- Topical term or geographic name as entry element: Sociedades
- Form subdivision: Congresos, conferencias, etc.
670 ## - SOURCE DATA FOUND
- Source citation: Work cat.: (Co-BoUCM)183476: Congreso Internacional de Derecho Comercial Bogotá 3o 50077, Memorias III Congreso Internacional de Derecho Comercial, 2013